Statistics for NBA Players by Letter - F

Click here to take the quiz!

General Stats

  • This quiz has been taken 18 times
  • The average score is 5 of 13

Answer Stats

TeamAnswer% Correct
KingsDe'Aaron Fox
75%
CelticsTacko Fall
67%
PelicansDerrick Favors
58%
MagicEvan Fournier
58%
MagicMarkelle Fultz
50%
MavericksDorian Finney-Smith
42%
BullsChristiano Felicio
33%
HawksBruno Fernando
25%
SpursBryn Forbes
25%
MagicMelvin Frazier
25%
RocketsMichael Frazier
25%
ThunderTerrance Ferguson
25%
KingsYogi Ferrell
17%

Score Distribution

Percentile by Number Answered

Percent of People with Each Score

Your Score History

You have not taken this quiz